Statistics for 75 Australian Musical Acts by Songs

Click here to take the quiz!

General Stats

  • This quiz has been taken 436 times
  • The average score is 18 of 75

Answer Stats

SongsArtist/Band% Correct
Thunderstruck, Highway To Hell, Back In BlackAC/DC
98%
Can't Get You Out Of My Head, I Should Be So Lucky, The Loco-MotionKylie Minogue
76%
Down Under, Who Can It Be Now, OverkillMen At Work
71%
Need You Tonight, Never Tear Us Apart, New SensationINXS
70%
Chandelier, Cheap Thrills, Elastic HeartSia
59%
Beds Are Burning, Blue Sky Mine, The Dead HeartMidnight Oil
58%
Torn, Shiver, Big MistakeNatalie Imbruglia
51%
Are You Gonna Be My Girl, Look What You've Done, Cold Hard BitchJet
48%
I Touch Myself, Boys In Town, Pleasure And PainDivinyls
44%
Jessie's Girl, Don't Talk To Strangers, Love SomebodyRick Springfield
44%
Truly, Madly, Deeply, I Knew I Loved You, To The Moon And BackSavage Garden
43%
You're The Voice, Age Of Reason, Two Strong HeartsJohn Farnham
42%
She Looks So Perfect, Youngblood, Amnesia5 Seconds Of Summer
38%
Dance Monkey, Never Seen The Rain, Bad ChildTones And I
38%
Riptide, Mess Is Mine, Fire And The FloodVance Joy
35%
Where The Wild Roses Grow, Into My Arms, Red Right HandNick Cave And The Bad Seeds
34%
Khe Sanh, Flame Trees, Forever NowCold Chisel
33%
Great Southern Land, Hey Little Girl, Electric BlueIcehouse
31%
Fancy, Black Widow, WorkIggy Azalea
31%
Especially For You, Sealed With A Kiss, Too Many Broken HeartsJason Donovan
30%
To Her Door, How To Make Gravy, Before Too LongPaul Kelly
29%
Reckless, The Boys Light Up, Oh No Not You AgainAustralian Crawl
28%
Lost Without You, Wings, Born To TryDelta Goodrem
28%
My Happiness, These Days, Lost And RunningPowderfinger
28%
Tomorrow, Freak, Miss You LoveSilverchair
28%
A Pub With No Beer, Duncan, Waltzing MatildaSlim Dusty
27%
Throw Your Arms Around Me, Holy Grail, True Tears Of JoyHunters & Collectors
26%
Joker & The Thief, Woman, DimensionWolfmother
26%
I Am Woman, Delta Dawn, I Can't Say Goodbye To YouHelen Reddy
25%
Georgy Girl, I'll Never Find Another You, The Carnival Is OverThe Seekers
25%
The Less I Know The Better, Feels Like We Only Go Backwards, Let It HappenTame Impala
24%
1955, The Nosebleed Section, Cosby SweaterHilltop Hoods
23%
Chains, Sorrento Moon (I Remember), BurnTina Arena
23%
Somebody Like You, Once In A Lifetime, Blue Ain't Your ColorKeith Urban
22%
Live It Up, The Nips Are Getting Bigger, If You Leave Me, Can I Come Too?Mental As Anything
22%
I Go To Rio, I Still Call Australia Home, Tenterfield SaddlerPeter Allen
22%
Living in the 70's, Horror Movie, Women In UniformSkyhooks
22%
Treaty, Djäpana (Sunset Dreaming), Tribal VoiceYothu Yindi
22%
Big Jet Plane, Chateau, Grizzly BearAngus & Julia Stone
21%
Walking On A Dream, We Are The People, AliveEmpire Of The Sun
21%
Reminiscing, Lonesome Loser, Cool ChangeLittle River Band
20%
Geronimo, Coming Home, Die YoungSheppard
20%
Sweet Disposition, Fader, Love LostThe Temper Trap
20%
Untouched, 4ever, On Your SideThe Veronicas
18%
Sounds Of Then (This Is Australia), Gimme Some Loving, House Of CardsGANGgajang
17%
Not Pretty Enough, Nothing At All, The CaptainKasey Chambers
17%
Sweet About Me, On A Mission, Warm This WinterGabriella Cilmi
15%
Boom Boom, Que Sera, EverybodyJustice Crew
15%
Chemical Heart, Hard Act To Follow, Just AceGrinspoon
14%
Absolutely Everybody, Shine, This Is Who I AmVanessa Amorosi
14%
Be Alright, Waves, 7 MinutesDean Lewis
13%
Black And Gold, Happiness, 21st Century LifeSam Sparro
13%
Never Be Like You, Say It, Drop The GameFlume
12%
Pedestrian At Best, Avant Gardener, Nobody Really Cares If You Don't Go To The PartyCourtney Barnett
11%
Fallin', Pop a Bottle (Fill Me Up), Little ThingsJessica Mauboy
11%
Send Me An Angel, Catch Me I'm Falling, God TonightReal Life
10%
We No Speak Americano, Sugar Man, Soul Makossa (Money)Yolanda Be Cool with DCUP
10%
Let Me Down Easy, Magnolia, The Deepest Sighs, The Frankest ShadowsGang Of Youths
8%
Boys From The Bush, The Outback Club, High CountryLee Kernaghan
8%
Mouth, Under The Water, LonelyMerril Bainbridge
7%
Without You, Stay, So DoneThe Kid Laroi
7%
Moments, Addicted, My LifeBliss n Eso
6%
All Day, Pretty Brown Eyes, La Da DeeCody Simpson
6%
Lights & Music, Hearts On Fire, Going NowhereCut Copy
6%
Bonfire, Internet Friends, CentipedeKnife Party
5%
Vice Grip, The Void, PreyParkway Drive
4%
Make Them Wheels Roll, Counting Sheep, Listen to Soul, Listen to BluesSAFIA
4%
You're Going Down, Maybe, All The SameSick Puppies
4%
Jona Vark, Time To Wander, BloomGypsy & The Cat
3%
Colourblind, No Parallels, SickHands Like Houses
3%
Clubbed To Death, Furious Angels, ChateauRob Dougan
3%
Bloom, Featherstone, PaintThe Paper Kites
3%
Walking, Money, LongtimeAsh Grunwald
2%
Thirty One & Sevens, Say Goodbye, Sharks In Your MouthI Killed the Prom Queen
2%
Damn Good Mates, No Sad Songs, No BrakesThe Wolfe Brothers
2%

Score Distribution

Percentile by Number Answered

Percent of People with Each Score

Your Score History

You have not taken this quiz